Ecosystems and human well-being : (Record no. 16953)
[ view plain ]
| 000 -LEADER | |
|---|---|
| fixed length control field | 00564nam a22002057a 4500 |
| 003 - CONTROL NUMBER IDENTIFIER | |
| control field | OSt |
| 005 - DATE AND TIME OF LATEST TRANSACTION | |
| control field | 20180719095130.0 |
| 008 - FIXED-LENGTH DATA ELEMENTS--GENERAL INFORMATION | |
| fixed length control field | 180719b ||||| |||| 00| 0 eng d |
| 020 ## - INTERNATIONAL STANDARD BOOK NUMBER | |
| International Standard Book Number | 9781569735923 |
| 020 ## - INTERNATIONAL STANDARD BOOK NUMBER | |
| International Standard Book Number | 1569735921 |
| 040 ## - CATALOGING SOURCE | |
| Original cataloging agency | SEKU |
| 050 ## - LIBRARY OF CONGRESS CALL NUMBER | |
| Classification number | GF 50 |
| Item number | .E3 |
| 245 ## - TITLE STATEMENT | |
| Title | Ecosystems and human well-being : |
| Remainder of title | opportunities and challenges for business and industry. |
| 260 ## - PUBLICATION, DISTRIBUTION, ETC. (IMPRINT) | |
| Place of publication, distribution, etc. | Washington, DC : |
| Name of publisher, distributor, etc. | UNEP, |
| Date of publication, distribution, etc. | 2005. |
| 300 ## - PHYSICAL DESCRIPTION | |
| Extent | 31 p. : |
| Other physical details | ill. |
| 650 ## - SUBJECT ADDED ENTRY--TOPICAL TERM | |
| Topical term or geographic name as entry element | Biodiversity |
| 650 ## - SUBJECT ADDED ENTRY--TOPICAL TERM | |
| Topical term or geographic name as entry element | Ecosystem management |
| 650 ## - SUBJECT ADDED ENTRY--TOPICAL TERM | |
| Topical term or geographic name as entry element | Human ecology |
| 942 ## - ADDED ENTRY ELEMENTS (KOHA) | |
| Source of classification or shelving scheme | Library of Congress Classification |
| Koha item type | General circulation |
| Withdrawn status | Lost status | Source of classification or shelving scheme | Damaged status | Not for loan | Home library | Current library | Shelving location | Date acquired | Total Checkouts | Full call number | Barcode | Date last seen | Price effective from | Koha item type |
|---|---|---|---|---|---|---|---|---|---|---|---|---|---|---|
| Library of Congress Classification | Kitui Town Campus Library | Kitui Town Campus Library | General Stacks | 25/03/2025 | GF 50 .E3 | 2024/027194 | 25/03/2025 | 25/03/2025 | General circulation | |||||
| Library of Congress Classification | Kitui Town Campus Library | Kitui Town Campus Library | General Stacks | 25/03/2025 | GF 50 .E3 | 2024/027195 | 25/03/2025 | 25/03/2025 | General circulation | |||||
| Library of Congress Classification | Kitui Town Campus Library | Kitui Town Campus Library | General Stacks | 25/03/2025 | GF 50 .E3 | 2024/027196 | 25/03/2025 | 25/03/2025 | General circulation | |||||
| Library of Congress Classification | Kitui Town Campus Library | Kitui Town Campus Library | General Stacks | 25/03/2025 | GF 50 .E3 | 2024/027197 | 25/03/2025 | 25/03/2025 | General circulation | |||||
| Library of Congress Classification | Kitui Town Campus Library | Kitui Town Campus Library | General Stacks | 25/03/2025 | GF 50 .E3 | 2024/027198 | 25/03/2025 | 25/03/2025 | General circulation | |||||
| Library of Congress Classification | Kitui Town Campus Library | Kitui Town Campus Library | General Stacks | 25/03/2025 | GF 50 .E3 | 2024/027199 | 25/03/2025 | 25/03/2025 | General circulation | |||||
| Library of Congress Classification | Kitui Town Campus Library | Kitui Town Campus Library | General Stacks | 25/03/2025 | GF 50 .E3 | 2024/027200 | 25/03/2025 | 25/03/2025 | General circulation | |||||
| Library of Congress Classification | Kitui Town Campus Library | Kitui Town Campus Library | General Stacks | 25/03/2025 | GF 50 .E3 | 2024/027201 | 25/03/2025 | 25/03/2025 | General circulation | |||||
| Library of Congress Classification | Kitui Town Campus Library | Kitui Town Campus Library | General Stacks | 25/03/2025 | GF 50 .E3 | 2024/027202 | 25/03/2025 | 25/03/2025 | General circulation | |||||
| Library of Congress Classification | Kitui Town Campus Library | Kitui Town Campus Library | General Stacks | 25/03/2025 | GF 50 .E3 | 2024/027203 | 25/03/2025 | 25/03/2025 | General circulation |